000 01998nam a2200241Ia 4500
003 Ost
005 20260507074842.0
008 260507s9999||||xx |||||||||||||| ||und||
020 _a9789957970642
040 _cfsecg
041 _aara
082 _a301.21
100 _aأحمد، أمل حسن
_eمؤلف
245 0 _aعلم الإجتماع المعرفي /
_c أمل حسن أحمد
246 _asociology of knowledge
260 _aعمان:
_bدار المسيرة للنشر والتوزيع,
_c2015
300 _a472 صفحة؛
_bإيضاحات ؛
_c25 سم
504 _aببليوغرافيا: ص.459-472
520 _aيضم مسألة المعرفة الماهية ومراحل التطور المعرفي، المعرفة بين الفلسفة وعلم الإجتماع ومراحل التطور المعرفي، نشأة علم الإجتماع بين الفكر والواقع، علم الإجتماع المعرفي والرؤى النظرية وأهم القضايا المعرفية، المثقف المعاصر وتحديات العولمة، المثقف العربي والهوية والدور في ضوء الواقع الثقافي المحلي والعالمي، ويضم أهم الدراسات المعاصرة في علم الإجتماع المعرفي، الثقافة الإلكترونية في ظل مجتمع المعرفة تحليل سوسيولوجي حول أستخدام الشباب لشبكة الإنترنت والمدونات، تحليل لدراسة النص والسلطة والمجتمع والقيم السياسة في الرواية العربية.
653 _aالإجتماع المعرفي، علم
653 _aالعلوم الإجتماعية
942 _cكتاب
999 _c41522
_d41522